=LDR 00000nam 2200000 4500 =001 INLIS000000000041123 =005 20130612150655 =008 ***********************************Ind** =035 ##$$0010-061300000041123 =041 ##$$a Ind =082 ##$$a 636.68 =090 ##$$a 636.68 , Tur a =100 ##$$a TURUT, Rusli =245 ##$$a Agar Cucakrawa rajin berkicau , Rusli turut =260 ##$$a 2010 $b Jakarta =300 ##$$a 121 hlm. , ilus , 24 cm =650 ##$$a BURUNG CUCAKRAWA =850 ##$$a NBPNMAT